Acteur américain : Gary Cooper - Statistiques

Statistiques générales
  • Ce quiz a été pris 12 fois
  • Le résultat moyen est 9 sur 16
Statistiques - réponses
Questions Réponses % Correct
Acteur ayant personnifié le western, qui reçut physiquement l'Oscar décerné à Gary Cooper pour le film cité plus haut (réponse #6), ce dernier ne pouvant être présent car il était en tournage en Europe. Acteur qui était son ami mais qui méprisait le film ! John Wayne
91%
Période troublée de l'histoire des États-Unis d'Amérique au cours de laquelle Gary Cooper a été encouragé à la délation, à collaborer avec la justice pour dénoncer des activités "anti-américaines" à Hollywood. Il n'aura balancé aucun nom ! Le Maccarthysme
73%
Western américain de Fred Zinnemann sorti en 1952 que le scénariste Carl Foreman voulait une parabole de la période troublée citée plus haut (réponse #4), une dénonciation de la lâcheté citoyenne. Il valut à Gary Cooper, son second Oscar. Le Train sifflera trois fois
73%
Célèbre explorateur vénitien des XIIIe et XIVe siècle, admis à la Cour impériale chinoise. Il publia des chroniques détaillées sur ce qu'il y vit. Gary Cooper incarna cet explorateur dans un film d'Archie Mayo, sorti en 1938. Marco Polo
73%
Chanteur français qui dans sa chanson "La dernière séance" (1977) chante :
"On voyait Gary Cooper
Qui défendait l'opprimé"
Eddy Mitchell
64%
Pays européen dans lequel Gary Cooper a grandi entre 1909 et 1912, selon le souhait de sa mère qui voulait le voir instruit dans le pays d'origine de son mari. Il y appris le français et étudia le latin. Le Royaume-Uni
64%
Chanteur français qui fut l'un des nombreux acteurs français à donner la réplique à Gary Cooper dans Ariane de Billy Wilder (1957) après l'avoir déjà côtoyé dans "Paramount on Parade" (1930). Maurice Chevalier
64%
Actrice d'origine irlandaise qui donna la réplique à Gary Cooper dans le film précédent. Grace Kelly
55%
Philosophe allemand dont Gary Cooper disait au cours de la période précédente qu'il ne l'avait jamais lu, qu'il ne connaissait rien des fondamentaux de la doctrine engendrée par ce philosophe en dehors de ce qu'il a entendu par ouï-dire et que le peu qu'il en connaissait, il détestait. Karl Marx
55%
Religion à laquelle s'est converti Gary Cooper en avril 1959, après un long cheminement depuis au moins 1953, lors d'une tournée en Europe avec son épouse Veronica Balfe qui adhérait à cette religion (mais ne l'a pas influencé). Le catholicisme
55%
Personnalité religieuse que Gary Cooper et son épouse avaient rencontrée lors de cette tournée en Europe. Le Pape Pie XII
55%
Série télévisée dans un épisode de laquelle Tony Curtis tenta d'ouvrir une porte avec de la poudre de cartouches de fusils, en disant "J'ai vu Gary Cooper faire la même chose dans un film qui s'appelait Les Trois lanciers du Bengale." Amicalement vôtre
45%
Acteur habitué des films d'Hitchcock qui reçut physiquement l'Oscar d'honneur décerné en 1961 à Gary Cooper, absent de la cérémonie car très affaibli par son cancer de la prostate qui l'emportera plus tard dans l'année. James Stewart
45%
État du nord-ouest des États-Unis dans les Rocheuses. Gary Cooper naquit dans sa capitale Helena, le 7 mai 1901 sous le nom de Frank James Cooper. Le Montana
45%
Film de Sergio Leone dans lequel Clint Eastwood jeta une étoile de sheriff, imitant ainsi Gary Cooper dans le film cité plus haut (réponde #6). Et pour quelques dollars de plus
27%
Actrice britannique connue pour son rôle dans Quo Vadis qui donna la réplique à Gary Cooper dans "La Lame nue", le tout dernier film de ce dernier. Il décéda quelques jours après sa sortie en mai 1961. Deborah Kerr
18%
Aucun quiz correspondant
Distribution des résultats
% des personnes avec chaque résultat
Percentile par nombre de réponses
Votre historique - résultats
Vous n’avez pas pris ce quiz